[Event "FRA-ch U10"]
[Site "Le Grand Bornand"]
[Date "2003.??.??"]
[Round "3.5"]
[White "Netzer, Jacques"]
[Black "Descamps, Thomas"]
[Result "1-0"]
[WhiteElo "1780"]
[BlackElo "1300"]
[PlyCount "81"]
[EventDate "2003.??.??"]
[EventType "swiss"]
[EventRounds "9"]
[EventCountry "FRA"]
[SourceTitle "EXT 2004"]
[Source "ChessBase"]
[SourceDate "2003.11.25"]
[SourceVersion "1"]
[SourceVersionDate "2003.11.25"]
[SourceQuality "1"]

1. e4 d5 2. exd5 Qxd5 3. Nc3 Qa5 4. Bc4 Nf6 5. d3 Bf5 6. Qe2 e6 7. Bd2 c6 8. 0-0-0 Bb4 9. Kb1 Nbd7 10. f3 0-0 11. g4 Bg6 12. h4 h6 13. f4 h5 14. g5 Ng4 15. Nh3 Qc5 16. Rdf1 Bxc3 17. Bxc3 Ne3 18. d4 Qxc4 19. Qxe3 Nb6 20. b3 Qd5 21. Bb2 Rac8 22. Qf3 Qf5 23. Rc1 Nd5 24. Ka1 a5 25. Nf2 b5 26. Rhe1 Rfe8 27. Re5 Qxf4 28. Qxf4 Nxf4 29. Ne4 Nd5 30. Nd6 f6 31. Ree1 Nb4 32. Kb1 Bxc2+ 33. Rxc2 Nxc2 34. Kxc2 Rcd8 35. Nxe8 Rxe8 36. gxf6 gxf6 37. Kd3 Kf7 38. Ke4 e5 39. dxe5 fxe5 40. Rf1+ Ke6 41. Rf5 1-0